Chasing Cezanne (Record no. 321110)

000 -LEADER
fixed length control field 00318 a2200145 4500
001 - CONTROL NUMBER
control field 86037
082 ## - DEWEY DECIMAL CLASSIFICATION NUMBER
Classification number 823.914 MAY
090 ## - LOCALLY ASSIGNED LC-TYPE CALL NUMBER (OCLC); LOCAL CALL NUMBER (RLIN)
-- 40400
-- 40400
100 ## - MAIN ENTRY--PERSONAL NAME
Personal name Mayle Peter
245 ## - TITLE STATEMENT
Title Chasing Cezanne
250 ## - EDITION STATEMENT
Edition statement 1st
260 ## - PUBLICATION, DISTRIBUTION, ETC.
Place of publication, distribution, etc. New York
Name of publisher, distributor, etc. Alfred A Knopf
Date of publication, distribution, etc. 1997
300 ## - PHYSICAL DESCRIPTION
Extent 296P.
500 ## - GENERAL NOTE
General note General Books
942 ## - ADDED ENTRY ELEMENTS (KOHA)
Institution code [OBSOLETE] NUST CAE
Call number prefix 823.914 MAY
Holdings
Withdrawn status Lost status Damaged status Not for loan Collection code Permanent Location Current Location Date acquired Total Checkouts Full call number Barcode Date last seen Price effective from Koha item type
          College of Aeronautical Engineering (CAE) College of Aeronautical Engineering (CAE) 04/03/2017   823.914 MAY CAE85074 04/05/2017 04/05/2017 Book
© 2023 Central Library, National University of Sciences and Technology. All Rights Reserved.